000 00925nam a2200241Ia 4500
008 130821s2000 mx a gr spa
020 _a9706690204
040 _aCo-BoUCM
_bspa
041 0 0 _aspa
245 0 0 _aLos pobres de la ciudad y la tierra
_cAlfonso X. Iracheta Cenecorta y Martin O Smolka, Coordinadores
260 _aMéxico D.F. (México)
_bEl colegio Mexiquense, A.C. Lincon Institute of land policy
_c2000
300 _a248 páginas
_bilustraciones
504 _aIncluye referencias bibliográficas.
650 0 4 _aPobreza urbana
_zMéxico
_921749
650 0 4 _aProblemas sociales
_922324
650 0 4 _aSociología
_9386
650 0 4 _aUso de la tierra urbana
_zMéxico
_926023
650 0 4 _aVivienda
_zMéxico
_926342
700 1 _aIracheta Cenecorta, Alfonso X.
_9167673
700 1 _aSmolka, Martim O.
_9152936
942 _cLIBRO
_a5
_e1
_mP739
_2DEWEY
_h363.580972
999 _c70481
_d70481